LEADER 01102nam a2200265 4500 001 000000345560 003 CaOOAMICUS 005 20210429141615.0 008 210427s2008 it 000 u ita r 020 $a978-88-04-58339-4 040 $aSeMil$bita 100 1 $aMorelli, Raffele,$d<1948- >.$0(OLS)http://semarc/name/113677 245 13$aIl sesso č amore :$bvivere l'eros senza sensi di colpa /$cRaffaele Morelli. 264 1$aMilano :$bMondadori,$c2008. 300 $a128 p. ;$c22 cm 490 1 $aIngrandimenti 650 4$aSessualitā - Psicologia.$0(OLS)http://semarc/subject/45059 830 0$aIngrandimenti.$0(OLS)http://semarc/title/6838 850 $aSeMil 852 $aSeMil$W1$xVenegono$y1$m2O V 184$j225860$B236632$CSeMilBibl$Z2$F236632 $81 961 $aFumagalli don Aristide - Omaggio 996 $6020$a978-88-04-58339-4$9(OLS)http://semarc/number/292992 996 $6245$aIl sesso č amore :$bvivere l'eros senza sensi di colpa$9(OLS)http://semarc/title/434704 996 $6264$aMilano :$bMondadori$9(OLS)http://semarc/publisher/30335 LEADER 00957nam a2200253 i 4500 001 000000211751 003 CaOOAMICUS 005 20230706142054.0 008 120313s1933 it u000 u ita u 040 $aSeMil$bita 100 1 $aVolpe, Gioacchino,$d<1876-1971>.$0(OLS)http://semarc/name/81282 245 13$aIl Medioevo /$cG. Volpe. 250 $a2. ed. riveduta. 264 1$aFirenze :$bVallecchi,$c1933. 300 $a606 p. ;$c20 cm. 490 1 $aCollana storica ;$v24 650 4$aMedioevo - Storiografia.$0(OLS)http://semarc/subject/16162 650 4$aMedioevo - Storia.$0(OLS)http://semarc/subject/44562 830 0$aCollana storica ;$v24.$0(OLS)http://semarc/title/1100 850 $aSeMil 852 $aSeMil$W1$xVenegono$y1$m3T I 62$j242042$B162190$CSeMilBibl$Z2$F173479 $81 996 $6245$aIl Medioevo$9(OLS)http://semarc/title/10721 996 $6264$aFirenze :$bVallecchi$9(OLS)http://semarc/publisher/29768